| 000 | 00924nam a2200253 4500 | ||
|---|---|---|---|
| 001 | 73394 | ||
| 003 | BD-RjUL | ||
| 005 | 20211209082405.0 | ||
| 008 | 170530s1935 nyua 000 0 eng d | ||
| 035 | _a(BD-RjUL)73612 | ||
| 040 |
_aDLC _cMWC _dDLC _dBD-RjUL _beng |
||
| 041 | _aeng | ||
| 082 |
_a657.3 _223 _bPAC 1935 |
||
| 100 | 1 |
_aPaton, William A. _q(William Andrew), _d1889-1991. _9217100 |
|
| 245 | 1 | 0 |
_aCorporate profits as shown by audit reports / _cW. A. Paton. |
| 260 |
_aNew York : _bNational Bureau of Economic Research, _c1935. |
||
| 300 |
_aviii, 151 p. : _bill. ; _c24 cm. |
||
| 504 | _aIncludes Bibliography | ||
| 650 | 0 |
_aCorporations _xFinance. _9217102 |
|
| 650 | 0 |
_aCorporations _xAccounting. _9136037 |
|
| 830 |
_aPublications of the National Bureau of Economic Research, inc. _vNo. 28 _9230022 |
||
| 942 |
_2ddc _cBK |
||
| 999 |
_c73394 _d73394 |
||